Movies Quiz

Random Movies or Sporcle Quiz

Sporcle's Easiest Directors Quiz Stats

 Plays Quiz not verified by Sporcle

Support Sporcle.
Go Orange.
Score 0/30 Timer 05:00
0 Plays Today
Hint Answer % Correct
Quentin Tarantino MoviePulp Fiction
89.5%
James Cameron MovieTitanic
87.3%
James Cameron MovieAvatar
82.6%
Steven Spielberg MovieE.T. The Extra-Terrestrial
79.1%
Quentin Tarantino MovieDjango Unchained
67.1%
Steven Spielberg MovieJaws
63.3%
Quentin Tarantino MovieKill Bill: Vol. 2
62.8%
Martin Scorsese MovieGoodfellas
62.8%
Stanley Kubrick Movie2001: A Space Odyssey
61%
Stanley Kubrick MovieA Clockwork Orange
60.7%
Coen Brothers MovieFargo
58.6%
Quentin Tarantino MovieKill Bill: Vol. 1
57%
Stanley Kubrick MovieThe Shining
56.6%
Steven Spielberg MovieJurassic Park
55.4%
Martin Scorsese MovieThe Departed
55.1%
Hint Answer % Correct
Steven Spielberg MovieSchindler's List
52.1%
Quentin Tarantino MovieOnce Upon a Time in Hollywood
51.6%
James Cameron MovieThe Terminator
47.3%
Martin Scorsese MovieTaxi Driver
47.3%
Stanley Kubrick MovieEyes Wide Shut
45.1%
Coen Brothers MovieNo Country for Old Men
44.1%
Steven Spielberg MovieRaiders of the Lost Ark
39.4%
Martin Scorsese MovieRaging Bull
39%
James Cameron MovieTerminator 2: Judgment Day
38.9%
Coen Brothers MovieThe Big Lebowski
37.3%
James Cameron MovieAliens
34.6%
Coen Brothers MovieO Brother, Where Art Thou?
33.9%
Stanley Kubrick MovieFull Metal Jacket
33.3%
Martin Scorsese MovieThe Wolf of Wall Street
29.4%
Coen Brothers MovieBurn After Reading
20.6%

You're not logged in!

Compare scores with friends on all Sporcle quizzes.
OR
Log In

From the Vault

TV Theme Songs: The Last Line

by giveupyet

It's amusing how many TV theme songs end on a randomly shouted phrase.
Remove Ads.
Support Sporcle.
Get the best of Sporcle when you Go Orange. This ad-free experience offers more features, more stats, and more fun while also helping to support Sporcle. Thank you for becoming a member.

Show Comments

Extras

Top Quizzes Today


Score Distribution

Your Account Isn't Verified!

In order to create a playlist on Sporcle, you need to verify the email address you used during registration. Go to your Sporcle Settings to finish the process.

Report this User

Report this user for behavior that violates our Community Guidelines.

Details: